| 000 | 00780nam a2200229 a 4500 | ||
|---|---|---|---|
| 001 | 42654 | ||
| 003 | BD-RjUL | ||
| 005 | 20211209053554.0 | ||
| 008 | 160614s1966 enka 000 0 eng | ||
| 035 | _a(BD-RjUL) 42772 | ||
| 040 |
_aOCoLC _beng _dANL _dBD-RjUL _cBD-RjUL |
||
| 041 | _aeng | ||
| 082 | 0 | 4 |
_a511.80212 _223 _bBUG 1966 |
| 100 | 1 |
_aBurley, H. T. _9131119 |
|
| 245 | 1 | 0 |
_aGrowth rate tables / _cby H. T. Burley. |
| 260 |
_aCambridge : _bCambridge University Press, _c1966. |
||
| 300 |
_a60 p. : _bill. ; _c25 cm. |
||
| 490 | 1 |
_aOccasional papers / Dept. of Applied Economics, University of Cambridge ; _v10 |
|
| 650 | 0 |
_aInterest _xTables. _9131120 |
|
| 830 | 0 |
_aOccasional papers (University of Cambridge. Department of Applied Economics) _v10. _9131121 |
|
| 942 |
_2ddc _cBK |
||
| 999 |
_c42654 _d42654 |
||